| 000 | 00430nam a2200157Ia 4500 | ||
|---|---|---|---|
| 008 | 160316s1996 xxu||||| |||| 00| 0 eng d | ||
| 082 |
_a342.000000 _bJAI-I |
||
| 100 | _aJain M P | ||
| 245 | _aCases and materials on Indian administrative law Vol I | ||
| 250 | _a | ||
| 260 |
_aNagpur _bWadhwa & Co. _c1996 |
||
| 300 |
_a1013p _b _cxix |
||
| 365 | _b Rs.575 | ||
| 650 | _a1. Administrative Law - Cases - Materials | ||
| 700 |
_a _a |
||
| 999 |
_c22494 _d22494 |
||